US State by College Team Name - Statistics

General Stats
  • This quiz has been taken 33 times
  • The average score is 41 of 51
Answer Stats
Team Name State % Correct
Crimson Tide Alabama
96%
Gators Florida
96%
Wolverines Michigan
96%
Buckeyes Ohio
96%
Longhorns Texas
96%
Golden Bears California
93%
Bulldogs Georgia
93%
Fighting Illini Illinois
93%
Cornhuskers Nebraska
93%
Sooners Oklahoma
93%
Ducks Oregon
93%
Badgers Wisconsin
93%
Hoosiers Indiana
89%
Golden Gophers Minnesota
89%
Tar Heels North Carolina
89%
Gamecocks South Carolina
89%
Volunteers Tennessee
89%
Utes Utah
89%
Cavaliers Virginia
89%
Huskies (2) Washington
89%
Razorbacks Arkansas
86%
Buffaloes Colorado
86%
Huskies (1) Connecticut
86%
Hawkeyes Iowa
86%
Jayhawks Kansas
86%
Tigers (1) Louisiana
86%
Terrapins Maryland
86%
Lobos New Mexico
82%
Nittany Lions Pennsylvania
82%
Rainbow Warriors/Wahine Hawaii
79%
Scarlet Knights New Jersey
79%
Mountaineers West Virginia
79%
Wildcats (1) Arizona
75%
Wildcats (3) Kentucky
75%
Rebels Mississippi
75%
Nanooks Alaska
71%
Fightin' Blue Hens Delaware
71%
Vandals Idaho
71%
Minutemen/women Massachusetts
71%
Grizzlies Montana
71%
Cowboys Wyoming
71%
Wolf Pack Nevada
68%
Black Bears Maine
64%
Rams Rhode Island
64%
Catamounts Vermont
64%
Tigers (2) Missouri
61%
Fighting Hawks North Dakota
61%
Coyotes South Dakota
61%
Wildcats (2) New Hampshire
54%
Bulls New York
54%
Firebirds Washington, D.C.
43%
No matching quizzes found
Score Distribution
Percent of People with Each Score
Percentile by Number Answered
Your Score History
You have not taken this quiz